Eastern Utah Libraries Catalog: Duchesne, Heber, Roosevelt, & Vernal

One day at HorrorLand (Record no. 56282)

MARC details
000 -LEADER
fixed length control field 04868cgm a2200877Ka 4500
001 - CONTROL NUMBER
control field ocn232684181
003 - CONTROL NUMBER IDENTIFIER
control field OCoLC
005 - DATE AND TIME OF LATEST TRANSACTION
control field 20241220122348.0
008 - FIXED-LENGTH DATA ELEMENTS--GENERAL INFORMATION
fixed length control field 080627p20081995cau086 j vaeng d
007 - PHYSICAL DESCRIPTION FIXED FIELD--GENERAL INFORMATION
fixed length control field vd cvaizs
040 ## - CATALOGING SOURCE
Original cataloging agency TEFMT
Transcribing agency TEFMT
Modifying agency TEF
-- RLS
-- UINTA
024 1# - OTHER STANDARD IDENTIFIER
Standard number or code 024543529590
028 42 - PUBLISHER NUMBER
Publisher number 2252959
Source 20th Century Fox Home Entertainment
035 ## - SYSTEM CONTROL NUMBER
System control number (OCoLC)232684181
037 ## - SOURCE OF ACQUISITION
Source of stock number/acquisition Midwest Tape
Note http://www.midwesttapes.com
050 14 - LIBRARY OF CONGRESS CALL NUMBER
Classification number PN1992.8.F35
Item number G667438677 2008
082 04 - DEWEY DECIMAL CLASSIFICATION NUMBER
Classification number 791.45/75
Edition number 22
049 ## - LOCAL HOLDINGS (OCLC)
Holding library UCLB
092 ## - LOCALLY ASSIGNED DEWEY CALL NUMBER (OCLC)
Classification number 791.457
245 00 - TITLE STATEMENT
Title One day at HorrorLand
Medium [videorecording] /
Statement of responsibility, etc a Protocol Entertainment Production in association with Scholastic Productions Inc. ; producer, Steve Levitan ; co-producer, Patrick Doyle.
246 30 - VARYING FORM OF TITLE
Title proper/short title Goosebumps.
Name of part/section of a work One day at HorrorLand
260 ## - PUBLICATION, DISTRIBUTION, ETC. (IMPRINT)
Place of publication, distribution, etc Beverly Hills, Calif. :
Name of publisher, distributor, etc 20th Century Fox Home Entertainment,
Date of publication, distribution, etc 2008.
300 ## - PHYSICAL DESCRIPTION
Extent 1 videodisc (86 min.) :
Other physical details sd., col. ;
Dimensions 4 3/4 in.
538 ## - SYSTEM DETAILS NOTE
System details note DVD, region 1, full screen (1.33:1) presentation; Dolby Digital 2.0 stereo.
546 ## - LANGUAGE NOTE
Language note Closed-captioned.
511 1# - PARTICIPANT OR PERFORMER NOTE
Participant or performer note Host, R. L. Stine ; Heather Brown, Michael Caloz, Kaj-Erik Eriksen, Ken Mundy.
508 ## - CREATION/PRODUCTION CREDITS NOTE
Creation/production credits note Music by Jack Lenz.
500 ## - GENERAL NOTE
General note Originally seen on television in 1997 & 1995.
521 8# - TARGET AUDIENCE NOTE
Target audience note Not rated.
520 ## - SUMMARY, ETC.
Summary, etc One day at HorrorLand: The Morris family are on their way to Zoo Garden, however seem to have lost their way. They soon find themselves in a theme park called "Horror Land." Luke and Lizzy want to go onto a few rides, so their parents decide to ask for directions. However soon the Morris family discovers that this theme park is not entirely safe.
520 ## - SUMMARY, ETC.
Summary, etc Welcome to Camp Nightmare: It's Billy's first time at summer camp. So far, the camp appears to be a perfectly normal. But, while checking out the cabin, Mike, one of Billy's bunkmates, bitten by a stray snake. The kids find out that the camp has no nurse. The next day, there is another incident where another bunkmate, Colin, is hit in the head with a baseball.
505 00 - FORMATTED CONTENTS NOTE
Title One day at HorrorLand, part 1 --
-- One day at HorrorLand, part 2 /
Statement of responsibility teleplay by Billy Brown & Dan Angel ; directed by William Fruet ; director of photography, Barry Bergthorson ; editor, Robert K. Sprogis --
Title Welcome to Camp Nightmare, part 1 --
-- Welcome to Camp Nightmare, part 2 /
Statement of responsibility written by Jeff Cohen ; directed by ron Oliver ; director of photography, Brian R. R. Hebb ; editor, Peter Light.
500 ## - GENERAL NOTE
General note Special features: Goosebumps HorrorLand game for Wii, DS & PS2; Goosebumps HorrorLand: what to expect in HorrorLand; Garfield's fun fest; Garfield pet force.
650 #0 - SUBJECT ADDED ENTRY--TOPICAL TERM
Topical term or geographic name as entry element Amusement parks
Form subdivision Juvenile films.
9 (RLIN) 5755271
650 #0 - SUBJECT ADDED ENTRY--TOPICAL TERM
Topical term or geographic name as entry element Amusement rides
Form subdivision Juvenile films.
9 (RLIN) 6509225
650 #0 - SUBJECT ADDED ENTRY--TOPICAL TERM
Topical term or geographic name as entry element Camps
Form subdivision Juvenile films.
9 (RLIN) 6448838
650 #0 - SUBJECT ADDED ENTRY--TOPICAL TERM
Topical term or geographic name as entry element Children's accidents
Form subdivision Juvenile films.
9 (RLIN) 6509226
650 #1 - SUBJECT ADDED ENTRY--TOPICAL TERM
Topical term or geographic name as entry element Amusement parks
Form subdivision Drama.
9 (RLIN) 5736343
650 #1 - SUBJECT ADDED ENTRY--TOPICAL TERM
Topical term or geographic name as entry element Amusement rides
Form subdivision Drama.
9 (RLIN) 6509227
650 #1 - SUBJECT ADDED ENTRY--TOPICAL TERM
Topical term or geographic name as entry element Camps
Form subdivision Drama.
9 (RLIN) 6384427
650 #1 - SUBJECT ADDED ENTRY--TOPICAL TERM
Topical term or geographic name as entry element Accidents
Form subdivision Drama.
9 (RLIN) 5760896
650 #8 - SUBJECT ADDED ENTRY--TOPICAL TERM
Topical term or geographic name as entry element Amusement parks
Form subdivision Juvenile films.
9 (RLIN) 5755271
650 #8 - SUBJECT ADDED ENTRY--TOPICAL TERM
Topical term or geographic name as entry element Amusement rides
Form subdivision Juvenile films.
9 (RLIN) 6509225
650 #8 - SUBJECT ADDED ENTRY--TOPICAL TERM
Topical term or geographic name as entry element Camps
Form subdivision Juvenile films.
9 (RLIN) 6448838
650 #8 - SUBJECT ADDED ENTRY--TOPICAL TERM
Topical term or geographic name as entry element Children's accidents
Form subdivision Juvenile films.
9 (RLIN) 6509226
655 #0 - INDEX TERM--GENRE/FORM
Genre/form data or focus term Fantasy television programs.
9 (RLIN) 102697
655 #0 - INDEX TERM--GENRE/FORM
Genre/form data or focus term Horror television programs.
9 (RLIN) 6186023
655 #0 - INDEX TERM--GENRE/FORM
Genre/form data or focus term Thrillers (Motion pictures, television, etc.)
9 (RLIN) 6186024
655 #0 - INDEX TERM--GENRE/FORM
Genre/form data or focus term Television programs for children.
9 (RLIN) 6186025
655 #0 - INDEX TERM--GENRE/FORM
Genre/form data or focus term Animated television programs.
9 (RLIN) 6186026
655 #0 - INDEX TERM--GENRE/FORM
Genre/form data or focus term Video recordings for the hearing impaired.
9 (RLIN) 6186027
655 #0 - INDEX TERM--GENRE/FORM
Genre/form data or focus term Fiction television programs.
9 (RLIN) 5673656
655 #0 - INDEX TERM--GENRE/FORM
Genre/form data or focus term Television programs.
9 (RLIN) 6186028
655 #7 - INDEX TERM--GENRE/FORM
Genre/form data or focus term Fantasy
Form subdivision Animation
-- Television series.
Source of term migfg
9 (RLIN) 5708636
655 #7 - INDEX TERM--GENRE/FORM
Genre/form data or focus term Horror
Form subdivision Animation
-- Television series.
Source of term migfg
9 (RLIN) 6477368
655 #7 - INDEX TERM--GENRE/FORM
Genre/form data or focus term Thriller
Form subdivision Animation
-- Television series.
Source of term migfg
9 (RLIN) 6477369
655 #7 - INDEX TERM--GENRE/FORM
Genre/form data or focus term Children's
Form subdivision Animation
-- Television series.
Source of term migfg
9 (RLIN) 5714204
655 #7 - INDEX TERM--GENRE/FORM
Genre/form data or focus term Fantasy television programs.
Source of term gsafd
9 (RLIN) 102697
655 #7 - INDEX TERM--GENRE/FORM
Genre/form data or focus term Horror television programs.
Source of term gsafd
9 (RLIN) 6186023
655 #7 - INDEX TERM--GENRE/FORM
Genre/form data or focus term Suspense television programs.
Source of term gsafd
9 (RLIN) 102764
655 #7 - INDEX TERM--GENRE/FORM
Genre/form data or focus term Animated television programs.
Source of term gsafd
9 (RLIN) 6186026
655 #7 - INDEX TERM--GENRE/FORM
Genre/form data or focus term Television serials.
Source of term gsafd
9 (RLIN) 6186031
700 1# - ADDED ENTRY--PERSONAL NAME
Personal name Brown, Heather.
9 (RLIN) 6186032
700 1# - ADDED ENTRY--PERSONAL NAME
Personal name Caloz, Michael,
Dates associated with a name 1985-
9 (RLIN) 66015
700 1# - ADDED ENTRY--PERSONAL NAME
Personal name Eriksen, Kaj-Erik.
9 (RLIN) 58230
700 1# - ADDED ENTRY--PERSONAL NAME
Personal name Mundy, Ken.
9 (RLIN) 6186033
700 1# - ADDED ENTRY--PERSONAL NAME
Personal name Stine, R. L.
9 (RLIN) 25002
700 1# - ADDED ENTRY--PERSONAL NAME
Personal name Stine, R. L.
Title of a work Goosebumps.
9 (RLIN) 41037
710 2# - ADDED ENTRY--CORPORATE NAME
Corporate name or jurisdiction name as entry element Protocol Entertainment Production.
9 (RLIN) 6186034
710 2# - ADDED ENTRY--CORPORATE NAME
Corporate name or jurisdiction name as entry element Scholastic Entertainment, Inc.
9 (RLIN) 71759
710 2# - ADDED ENTRY--CORPORATE NAME
Corporate name or jurisdiction name as entry element Twentieth Century Fox Home Entertainment, Inc.
9 (RLIN) 61951
730 0# - ADDED ENTRY--UNIFORM TITLE
Uniform title Goosebumps (Television program)
9 (RLIN) 6134425
942 ## - ADDED ENTRY ELEMENTS (KOHA)
Koha item type DVD
994 ## -
-- C0
-- UINTA
998 ## - LOCAL CONTROL INFORMATION (RLIN)
-- a118162
Holdings
Withdrawn status Lost status Source of classification or shelving scheme Damaged status Not for loan Collection code Home library Current library Shelving location Date acquired Source of acquisition Cost, normal purchase price Total Checkouts Total Renewals Full call number Barcode Checked out Date last seen Date checked out Cost, replacement price Price effective from Koha item type
  Long Overdue (Lost) Dewey Decimal Classification     Movies Wasatch County Library Wasatch County Library Audio Visual Area 10/24/2008   12.95 168 6 DVD Goo 34301000783730 12/02/2024 11/13/2024 11/13/2024 12.95 03/20/2020 DVD
This project was made possible through a grant from the Institute of Museum and Library Service administered by the Utah State Library Division.

Wasatch County Library

  • 465 East 1200 South, Heber City, Utah 84032
  • Phone 435-654-1511 | Fax 435-654-6456

Hours

  • Monday - Friday 9:30 AM - 8:00 PM
  • Saturday 9:30 AM - 1:30 PM
  • Closed Sundays and Holidays